Normal view
MARC view
Entry Topical Term
001 - CONTROL NUMBER
- control field: 18605
003 - CONTROL NUMBER IDENTIFIER
- control field: ARRUPE
005 - DATE AND TIME OF LATEST TRANSACTION
- control field: 20150818111403.0
008 - FIXED-LENGTH DATA ELEMENTS
- fixed length control field: 150818|| aca||aabn | a|a d
040 ## - CATALOGING SOURCE
- Original cataloging agency: ARRUPE
- Transcribing agency: ARRUPE
150 ## - HEADING--TOPICAL TERM
- Topical term or geographic name as entry element: Philosophy, Ancient.
670 ## - SOURCE DATA FOUND
- Source citation: Work cat.: (ARRUPE)0: Boeft, J. den. 18602, Calcidius on fate;, 1970.